| 000 | 00754nam a2200253Ia 4500 | ||
|---|---|---|---|
| 003 | OSt | ||
| 005 | 20240418142321.0 | ||
| 008 | 210210b2020 xxu||||| |||| 00| 0 eng d | ||
| 020 | _a9789388545143 | ||
| 040 | _cAL | ||
| 041 | _aKannada | ||
| 082 | _a321.8K NITA | ||
| 100 |
_aNITHYANANDA (N) _dನಿತ್ಯಾನಂದ (ಎನ್) _9161376 |
||
| 245 |
_aAdhunika rajakiya vyavasthegalu _b ಆಧುನಿಕ ರಾಜಕೀಯ ವ್ಯವಸ್ಥೆಗಳು |
||
| 260 |
_aUdupi _bProdigi Printing _c2020 |
||
| 300 | _axii,196 | ||
| 650 |
_avyavasthegalu _9161377 |
||
| 650 |
_arajakiya _9161378 |
||
| 650 |
_aAdunika _9161379 |
||
| 650 |
_aAdhunika _9161380 |
||
| 690 |
_aModern Governments _9161381 |
||
| 906 | _a074403 | ||
| 942 |
_2ddc _cBK |
||
| 999 |
_c124948 _d124948 |
||